Female Music Groups - Statistics

General Stats
  • This quiz has been taken 26 times
  • The average score is 5 of 15
Answer Stats
Biggest Hit Answer % Correct
Say My Name Destiny´s Child
83%
Wannabe Spice Girls
83%
No Scrubs TLC
75%
Don´t Cha The Pussycat Dolls
63%
Shout Out To My Ex Little Mix
50%
Work from Home Fifth Harmony
46%
How You Like That BLACKPINK
33%
All The Things She Said t.A.T.u.
29%
Drama aespa
13%
ANTIFRAGILE LE SSERAFIM
13%
Ditto NewJeans
13%
Psycho Red Velvet
13%
Shoop Salt-N-Pepa
13%
Act Up City Girls
8%
Fly Girl FLO
4%
No matching quizzes found
Score Distribution
Percent of People with Each Score
Percentile by Number Answered
Your Score History
You have not taken this quiz